000 nam a22 7a 4500
999 _c330840
_d330840
003 NUST
005 20170816114252.0
008 170816b xxu||||| |||| 00| 0 eng d
020 _a9789694962788
040 _cNUST
082 _a922
_bHAR
100 _aHardev, Rajkumar
_93913
245 _aNazamee bansery:
_bHazrat Khawaja Mehbob Elahi Sultan Nizam ud Din oliya ki sawaneh umri/
_cby Rajkumar Hardev
260 _aIslamabad:
_bDost publication,
_c2010
300 _a241 p.
500 _aBiography
546 _aIn Urdu
650 _aBiographies
_93595
880 _6100-01\(3\r
_aراجکمار ہردیو
880 _6245-02\(3\r
_aنظام بنسری:
_bحضرت خواجہ محبوب الہی سلطان نظام الدین اولیاء کی سوانح عمری
_cراجکمار ہردیو
880 _6260-03\(3\r
_aاسلام آباد:
_bدوست پبلی کیشنز،
_c2010
942 _2ddc
_cBK